[Event "Nopean shakin JSM 2020"]
[Site "?"]
[Date "2020.08.23"]
[Round "4"]
[White "Koskinen, Henri"]
[Black "Lahdelma, Henri"]
[Result "1-0"]
[WhiteElo "2256"]
[BlackElo "2274"]
[PlyCount "100"]
[EventDate "2020.??.??"]
[SourceDate "2021.11.06"]
[SourceVersionDate "2021.11.06"]

1. d4 d5 2. c4 c6 3. Nf3 e6 4. Qc2 Nf6 5. g3 Bd6 6. Bg2 O-O 7. O-O Nbd7 8. Nbd2
e5 9. dxe5 Nxe5 10. Nxe5 Bxe5 11. Nf3 Bd6 12. cxd5 Nxd5 13. a3 a5 14. b3 Qe7
15. Bb2 Re8 16. Rfe1 Qe4 17. Qxe4 Rxe4 18. Rad1 Bc7 19. Ng5 Re7 20. Bxd5 cxd5
21. Rxd5 h6 22. Nf3 Be6 23. Rd3 Rd8 24. Rxd8+ Bxd8 25. Nd4 Bh3 26. Rc1 Bb6 27.
e3 g5 28. Rc4 f5 29. Rc8+ Kh7 30. Nf3 Bc7 31. Nxg5+ hxg5 32. Rh8+ Kg6 33. Rxh3
Rd7 34. Bd4 Bd6 35. a4 Rc7 36. Rh8 Rc1+ 37. Kg2 Rb1 38. Rg8+ Kh6 39. Rd8 Bb4
40. Rd5 Kg6 41. Rb5 Rxb3 42. Rb6+ Kh7 43. Rxb7+ Kh6 44. Rb5 f4 45. gxf4 gxf4
46. Bb6 fxe3 47. Bxe3+ Kg6 48. Bb6 Ra3 49. Bxa5 Be7 50. Bb4 Rb3 1-0

[Event "Nopean shakin JSM 2020"]
[Site "?"]
[Date "2020.08.23"]
[Round "4"]
[White "Paasikangas, Johanna"]
[Black "Wartiovaara, Oliver"]
[Result "1-0"]
[WhiteElo "2162"]
[BlackElo "2239"]
[PlyCount "63"]
[EventDate "2020.??.??"]
[SourceDate "2021.11.06"]
[SourceVersionDate "2021.11.06"]

1. e4 c5 2. Nf3 d6 3. d4 cxd4 4. Nxd4 Nf6 5. Nc3 Nc6 6. Bg5 a6 7. Qd2 Nxd4 8.
Qxd4 Qa5 9. Bxf6 gxf6 10. f4 Bh6 11. g3 Bg4 12. Be2 Bxe2 13. Kxe2 Rc8 14. Rac1
Rg8 15. Qa4+ Qxa4 16. Nxa4 Rc4 17. Nc3 e6 18. Kd3 b5 19. b3 Rc5 20. a4 b4 21.
Na2 a5 22. c3 bxc3 23. Rxc3 Rxc3+ 24. Nxc3 Kd7 25. Rc1 Rb8 26. Nb5 Rb7 27. Rc4
Bf8 28. Ke3 d5 29. exd5 exd5 30. Rc1 Ba3 31. Rc2 Bb4 32. Kd4 1-0

[Event "Nopean shakin JSM 2020"]
[Site "?"]
[Date "2020.08.23"]
[Round "4"]
[White "Sipila, Vilka"]
[Black "Agopov, Mikael"]
[Result "1/2-1/2"]
[WhiteElo "2446"]
[BlackElo "2446"]
[PlyCount "146"]
[EventDate "2020.??.??"]
[SourceDate "2021.11.06"]
[SourceVersionDate "2021.11.06"]

1. e4 c5 2. d4 cxd4 3. Nf3 Nf6 4. e5 Nd5 5. Bc4 Nc6 6. O-O Nb6 7. Bb3 d5 8.
Nxd4 Nxd4 9. Qxd4 Bf5 10. g4 Bd7 11. a4 e6 12. Be3 Bc6 13. Nc3 Be7 14. f4 h5
15. f5 Bg5 16. f6 gxf6 17. Bxg5 fxg5 18. Rf2 Nd7 19. Raf1 Qb6 20. Qxb6 axb6 21.
Rxf7 Nxe5 22. Rg7 hxg4 23. Ne2 Nf3+ 24. Kf2 Rxh2+ 25. Kg3 O-O-O 26. Nd4 Rh3+
27. Kxg4 Rh4+ 28. Kxf3 Rxd4 29. Ke3 Re4+ 30. Kd2 g4 31. c3 Rd7 32. Rg8+ Kc7 33.
Bc2 Re5 34. Rxg4 Rh5 35. Rf2 e5 36. Rg6 Rdh7 37. Rgf6 Rg7 38. b4 Rh4 39. b5 Bd7
40. Bb3 d4 41. a5 bxa5 42. b6+ Kd8 43. Rf8+ Ke7 44. Rb8 Bc6 45. Re2 Kd6 46.
Rd8+ Rd7 47. Re8 dxc3+ 48. Kxc3 Rh3+ 49. Kb2 Rh5 50. Rc2 Rh6 51. Ka3 e4 52. Kb2
Rf6 53. Kc1 a4 54. Ba2 Rg7 55. Rd8+ Ke5 56. Kb2 e3 57. Kc3 Rf2 58. Bc4 Rg4 59.
Rc1 a3 60. Ra8 a2 61. Bxa2 e2 62. Bc4 Re4 63. Re1 Kf4 64. Bd3 Re7 65. Kd2 Rd7
66. Rf8+ Kg3 67. Rxf2 Kxf2 68. Rxe2+ Kf3 69. Re5 Kf4 70. Rf5+ Kg4 71. Re5 Kf4
72. Rf5+ Kg4 73. Re5 Kf4 1/2-1/2

[Event "Nopean shakin JSM 2020"]
[Site "?"]
[Date "2020.08.23"]
[Round "4"]
[White "Sammalvuo, Tapani"]
[Black "Niemi, Kalle"]
[Result "1/2-1/2"]
[WhiteElo "2413"]
[BlackElo "2292"]
[PlyCount "152"]
[EventDate "2020.??.??"]
[SourceDate "2021.11.06"]
[SourceVersionDate "2021.11.06"]

1. Nf3 Nf6 2. c4 e6 3. Nc3 d5 4. d4 Nbd7 5. Bg5 c6 6. cxd5 exd5 7. e3 h6 8. Bh4
g5 9. Bg3 Nh5 10. Bd3 Nxg3 11. hxg3 Bg7 12. Qc2 Nb6 13. O-O-O Qe7 14. Kb1 Be6
15. Na4 Nxa4 16. Qxa4 O-O 17. Qc2 Rfc8 18. Rc1 b6 19. Bh7+ Kf8 20. Bf5 c5 21.
Bxe6 Qxe6 22. Qd2 Rc7 23. Ne5 f6 24. Nf3 Kg8 25. Qc2 Rac8 26. Qg6 Qe4+ 27. Qxe4
dxe4 28. Nd2 cxd4 29. Nxe4 dxe3 30. fxe3 Rxc1+ 31. Rxc1 Re8 32. Nd6 Rxe3 33.
Nf5 Re8 34. g4 Bf8 35. Rc6 Re1+ 36. Rc1 Rxc1+ 37. Kxc1 Kf7 38. Kd2 Kg6 39. Ke3
h5 40. Ke4 hxg4 41. a4 Bc5 42. b3 Kf7 43. Kd5 Kg6 44. Ke4 Ba3 45. Ng3 Bb2 46.
Nf5 Be5 47. Ne3 Bf4 48. Nf5 g3 49. Nd4 Be5 50. Nc6 Bd6 51. Nd4 Bc5 52. Nf5 a5
53. Nxg3 Bd6 54. Nf5 Bc5 55. g4 Bg1 56. Kd5 Kf7 57. Kd6 Kg6 58. Ke6 Bc5 59. Ng3
Bd4 60. Ne4 Be5 61. Nd2 Bd4 62. Nc4 Bf2 63. Nd6 Bg1 64. Kd5 Bf2 65. Kc6 Bg1 66.
Nf5 Bf2 67. Kd5 Bg1 68. Ke6 Bf2 69. Ne7+ Kg7 70. Nd5 Bd4 71. Kf5 Kf7 72. Nc7
Be5 73. Nd5 Bd4 74. Ke4 Bc5 75. Kf5 Bd4 76. Ke4 Bc5 1/2-1/2

[Event "Nopean shakin JSM 2020"]
[Site "?"]
[Date "2020.08.23"]
[Round "4"]
[White "Jarvenpaa, Jari"]
[Black "Nyysti, Sampsa"]
[Result "0-1"]
[WhiteElo "2278"]
[BlackElo "2362"]
[PlyCount "98"]
[EventDate "2020.??.??"]
[SourceDate "2021.11.06"]
[SourceVersionDate "2021.11.06"]

1. Nf3 Nf6 2. c4 b6 3. d4 e6 4. a3 Ba6 5. b3 d5 6. e3 Be7 7. Nc3 O-O 8. Bd3
dxc4 9. bxc4 Nc6 10. d5 Na5 11. dxe6 fxe6 12. Qe2 Nb3 13. Rb1 Nxc1 14. Rxc1
Bxa3 15. Rd1 Qe8 16. O-O Bb7 17. Nb5 Bd6 18. Nfd4 Rf7 19. Nxd6 cxd6 20. e4 Re7
21. Nb5 Qc6 22. f3 Qc5+ 23. Qf2 Bc6 24. Nd4 e5 25. Nf5 Qxf2+ 26. Rxf2 Rd7 27.
Bc2 Rad8 28. Rfd2 Ne8 29. Bb3 Kf8 30. g4 g6 31. Ne3 Nc7 32. Nd5 Bxd5 33. exd5
Na6 34. Rf1 Nc5 35. Bc2 Rf7 36. Rdf2 Rf4 37. h3 Kg7 38. Bb1 Rdf8 39. Kg2 Rxc4
40. Ra2 Rf7 41. h4 a5 42. h5 a4 43. hxg6 hxg6 44. Rb2 Rb7 45. Ba2 Rc3 46. Kg1
b5 47. Rfb1 b4 48. Rxb4 Rxb4 49. Rxb4 Rc1+ 0-1

[Event "Nopean shakin JSM 2020"]
[Site "?"]
[Date "2020.08.23"]
[Round "4"]
[White "Paakkonen, Timo"]
[Black "Topi-Hulmi, Teemu"]
[Result "1/2-1/2"]
[WhiteElo "2242"]
[BlackElo "2276"]
[PlyCount "51"]
[EventDate "2020.??.??"]
[SourceDate "2021.11.06"]
[SourceVersionDate "2021.11.06"]

1. e4 c5 2. Nc3 Nc6 3. Nge2 Nf6 4. g3 d6 5. Bg2 e5 6. O-O Be7 7. d3 O-O 8. f4
Nd4 9. h3 Rb8 10. g4 exf4 11. Nxf4 b5 12. Nce2 Nxe2+ 13. Qxe2 Nd7 14. Bd2 Ne5
15. Rad1 b4 16. Kh1 a5 17. Be3 Be6 18. b3 a4 19. d4 cxd4 20. Bxd4 Qc7 21. Nd5
Bxd5 22. exd5 axb3 23. axb3 Ng6 24. Be4 Bg5 25. Qd3 Rfe8 26. Bxg6 1/2-1/2

[Event "Nopean shakin JSM 2020"]
[Site "?"]
[Date "2020.08.23"]
[Round "5"]
[White "Heinola, Vesa-Pekka"]
[Black "Ronka, Erik"]
[Result "0-1"]
[WhiteElo "2324"]
[BlackElo "2294"]
[PlyCount "92"]
[EventDate "2020.??.??"]
[SourceDate "2021.11.06"]
[SourceVersionDate "2021.11.06"]

1. d4 d5 2. c4 c6 3. Nc3 Nf6 4. Nf3 e6 5. cxd5 exd5 6. Qc2 g6 7. Bg5 Be7 8. e4
dxe4 9. Bxf6 Bxf6 10. Qxe4+ Qe7 11. O-O-O Qxe4 12. Nxe4 Be7 13. Bc4 O-O 14. Ne5
Nd7 15. h4 Nb6 16. Bb3 Nd5 17. h5 Bf5 18. f3 Rad8 19. hxg6 fxg6 20. g4 Be6 21.
g5 Nf4 22. Ng4 Bxb3 23. axb3 Nd5 24. Rh3 Nf4 25. Rh2 Nh5 26. Ne5 Rf5 27. Rg2
Nf4 28. Rh2 Nh5 29. Rg2 c5 30. Ng4 Rfd5 31. Ngf6+ Bxf6 32. gxf6 Rxd4 33. Rh1
Nf4 34. Rg4 Rxe4 35. fxe4 Nd3+ 36. Kb1 Nf2 37. f7+ Kg7 38. e5 Nxg4 39. e6 Kf6
40. Rf1+ Ke7 41. Rf4 Nf6 42. b4 Kxe6 43. bxc5 Kxf7 44. Rb4 Rd7 45. Ra4 a6 46.
Rb4 h5 0-1

[Event "Nopean shakin JSM 2020"]
[Site "?"]
[Date "2020.08.23"]
[Round "5"]
[White "Kokkila, Tero"]
[Black "Kauko, Jussi"]
[Result "0-1"]
[WhiteElo "2327"]
[BlackElo "2254"]
[PlyCount "64"]
[EventDate "2020.??.??"]
[SourceDate "2021.11.06"]
[SourceVersionDate "2021.11.06"]

1. e4 c5 2. Nf3 e6 3. Nc3 a6 4. g3 Nc6 5. Bg2 e5 6. d3 d6 7. O-O Be7 8. Nd5 Nf6
9. c3 O-O 10. Re1 b5 11. Nxe7+ Qxe7 12. d4 h6 13. a4 b4 14. a5 Bg4 15. d5 Na7
16. c4 Nh7 17. h3 Bxf3 18. Qxf3 Nc8 19. Qh5 Qd7 20. f4 f5 21. fxe5 dxe5 22. Be3
Nd6 23. Bxc5 Rac8 24. Bxb4 Rxc4 25. Bxd6 Qxd6 26. exf5 Rc2 27. Qf3 Ng5 28. Qa3
Qb8 29. h4 Nf7 30. Rad1 Nd6 31. Rxe5 Nxf5 32. d6 Qa7+ 0-1

[Event "Nopean shakin JSM 2020"]
[Site "?"]
[Date "2020.08.23"]
[Round "5"]
[White "Torkkola, Henri"]
[Black "Koskinen, Henri"]
[Result "1/2-1/2"]
[WhiteElo "2187"]
[BlackElo "2256"]
[PlyCount "157"]
[EventDate "2020.??.??"]
[SourceDate "2021.11.06"]
[SourceVersionDate "2021.11.06"]

1. d4 d6 2. Nf3 Bg4 3. e3 Nf6 4. Nbd2 Nbd7 5. Be2 e6 6. O-O Be7 7. b3 O-O 8.
Bb2 a5 9. a3 h6 10. h3 Bf5 11. c4 c5 12. a4 Qb6 13. Nb1 Rfd8 14. Nc3 Nb8 15. d5
e5 16. Nd2 Na6 17. e4 Bg6 18. f4 exf4 19. Rxf4 Nd7 20. Nf3 Bf6 21. Rxf6 Nxf6
22. e5 Ne4 23. Nb5 Nc7 24. Bd3 Nxb5 25. axb5 dxe5 26. Nxe5 Ng5 27. h4 Nh7 28.
Nxg6 fxg6 29. Qg4 Nf8 30. h5 Qd6 31. Rf1 Re8 32. hxg6 Re3 33. Rf7 Re1+ 34. Kf2
Re5 35. Qf4 Nxg6 36. Bxg6 Qxg6 37. Rxg7+ Qxg7 38. Qxe5 Rf8+ 39. Kg1 Qxe5 40.
Bxe5 b6 41. Bc7 Kf7 42. Bxb6 Rg8 43. Bxc5 Rg3 44. Bb6 Rxb3 45. Bxa5 Rb1+ 46.
Kf2 Rc1 47. Bc7 Rxc4 48. d6 Ke6 49. b6 Rb4 50. Ke3 h5 51. Kd3 Kd7 52. Kc3 Rb1
53. Kd4 Kc6 54. Ke4 Rb2 55. g3 Rb5 56. Kf3 Rb4 57. Kg2 Kd7 58. Kh3 Kc6 59. Kg2
Rb3 60. Kf2 Kd7 61. Ke2 Kc6 62. Kf2 Kd7 63. Kg2 Kc6 64. Kh3 Rb4 65. Kh2 Kd7 66.
Kg2 Rb3 67. Kh3 Rb4 68. Kh2 Kc6 69. Kg2 Rb3 70. Kh3 Rb4 71. Kh2 Kd7 72. Kg2 Rb3
73. Kf2 Kc6 74. Kg2 Kd7 75. Kh3 Rb4 76. Kg2 Rb3 77. Kh2 Kc6 78. Kh3 Rb4 79. Kg2
1/2-1/2

[Event "Nopean shakin JSM 2020"]
[Site "?"]
[Date "2020.08.23"]
[Round "5"]
[White "Paasikangas, Johanna"]
[Black "Salonen, Mikko"]
[Result "1-0"]
[WhiteElo "2162"]
[BlackElo "2096"]
[PlyCount "58"]
[EventDate "2020.??.??"]
[SourceDate "2021.11.06"]
[SourceVersionDate "2021.11.06"]

1. d4 Nf6 2. c4 e6 3. Nc3 Bb4 4. Qc2 O-O 5. a3 Bxc3+ 6. Qxc3 b5 7. cxb5 c6 8.
e3 cxb5 9. Bxb5 Ne4 10. Qd3 Nd6 11. Nf3 Qa5+ 12. b4 Qxb5 13. Qc2 Ba6 14. Bb2
Rc8 15. Qd1 Nc6 16. Bc3 Ne4 17. Bd2 Qd3 18. h4 Ne7 19. Ne5 Qxd2+ 20. Qxd2 Nxd2
21. Kxd2 d6 22. Nf3 Rc7 23. Rhb1 Rac8 24. Rb2 Bb7 25. Ne1 Nd5 26. Nd3 Nc3 27.
f3 Na4 28. Rba2 Bd5 29. Ke1 Ra8 1-0

[Event "Nopean shakin JSM 2020"]
[Site "?"]
[Date "2020.08.23"]
[Round "5"]
[White "Agopov, Mikael"]
[Black "Nazarova, Anastasia"]
[Result "0-1"]
[WhiteElo "2446"]
[BlackElo "2192"]
[PlyCount "94"]
[EventDate "2020.??.??"]
[SourceDate "2021.11.06"]
[SourceVersionDate "2021.11.06"]

1. e4 c5 2. Nf3 Nc6 3. d4 cxd4 4. Nxd4 g6 5. c4 Nf6 6. Nc3 d6 7. Nc2 Bg7 8. Be2
O-O 9. O-O Bd7 10. Be3 Qa5 11. f3 Rfc8 12. Qd2 Ne5 13. b3 a6 14. Rfd1 b5 15. b4
Qc7 16. c5 Be6 17. Nd5 Bxd5 18. exd5 Nfd7 19. f4 Nc4 20. Bxc4 bxc4 21. c6 Nf6
22. Qe2 e6 23. dxe6 d5 24. exf7+ Qxf7 25. Nd4 Ne4 26. Qf3 Bxd4 27. Rxd4 Rxc6
28. Rad1 Re8 29. Bc1 c3 30. Rxd5 c2 31. R1d3 Qa7+ 32. Qe3 Qf7 33. Rd8 Rce6 34.
Qe2 Nf6 35. Qxc2 Re1+ 36. Kf2 Qa7+ 37. Kg3 Nh5+ 38. Kh3 Qf7 39. Rxe8+ Rxe8 40.
Qb3 Re6 41. Rd8+ Kg7 42. Bb2+ Kh6 43. Bc1 Kg7 44. Qc3+ Nf6 45. g4 Qe7 46. Rc8
Rd6 47. Rc7 Rd7 0-1

[Event "Nopean shakin JSM 2020"]
[Site "?"]
[Date "2020.08.23"]
[Round "5"]
[White "Laine, Panu"]
[Black "Sammalvuo, Tapani"]
[Result "0-1"]
[WhiteElo "2094"]
[BlackElo "2413"]
[PlyCount "146"]
[EventDate "2020.??.??"]
[SourceDate "2021.11.06"]
[SourceVersionDate "2021.11.06"]

1. e4 e5 2. Nf3 Nc6 3. Bb5 a6 4. Ba4 Nf6 5. Qe2 b5 6. Bb3 Bc5 7. c3 d6 8. d3 h6
9. Be3 Bxe3 10. fxe3 Na5 11. Bc2 c5 12. Nbd2 O-O 13. O-O Qe7 14. Qf2 Bd7 15. h3
Nh7 16. Qg3 g6 17. Rf2 Rab8 18. a3 Nc6 19. b4 Kg7 20. d4 c4 21. d5 Na7 22. Nh4
Qg5 23. Qxg5 hxg5 24. Nhf3 g4 25. hxg4 Bxg4 26. a4 Nc8 27. axb5 axb5 28. Rff1
Nb6 29. Ra5 Bd7 30. Rfa1 Rb7 31. Nb1 Rfb8 32. Na3 Nc8 33. Nb1 Nf6 34. Kf2 Ne8
35. Nbd2 Nc7 36. Bd1 f5 37. Bc2 fxe4 38. Bxe4 Nb6 39. g3 Be8 40. Ng5 Kf6 41.
Nh7+ Ke7 42. Ng5 Kf6 43. Nh7+ Kg7 44. Ng5 Kh6 45. Ngf3 Bf7 46. Rh1+ Kg7 47. Ng5
Bg8 48. Bf3 Nbxd5 49. Bxd5 Nxd5 50. Nde4 Rd8 51. Ra6 Rbd7 52. Rd1 Kf8 53. Ra5
Rb7 54. Ra6 Ke7 55. Rda1 Nc7 56. Ra7 Rdb8 57. R1a5 Bd5 58. Ra1 Rxa7 59. Rxa7
Rb7 60. Ra1 Ne8 61. Rh1 Nf6 62. Rh4 Bxe4 63. Nxe4 d5 64. Nc5 Ra7 65. Rh8 Ra2+
66. Kf3 g5 67. g4 e4+ 68. Kg3 Re2 69. Rb8 Rxe3+ 70. Kg2 Nxg4 71. Rxb5 Rxc3 72.
Rb7+ Kd6 73. Rg7 Ke5 0-1

[Event "Nopean shakin JSM 2020"]
[Site "?"]
[Date "2020.08.23"]
[Round "5"]
[White "Nyysti, Sampsa"]
[Black "Kivimaki, Kasper"]
[Result "1-0"]
[WhiteElo "2362"]
[BlackElo "2085"]
[PlyCount "41"]
[EventDate "2020.??.??"]
[SourceDate "2021.11.06"]
[SourceVersionDate "2021.11.06"]

1. e4 c6 2. Nf3 d5 3. Nc3 Bg4 4. h3 Bxf3 5. Qxf3 e6 6. Be2 Nd7 7. Qg3 g6 8. d3
Bg7 9. O-O Ne7 10. Kh1 O-O 11. h4 d4 12. Nb1 e5 13. h5 f5 14. hxg6 hxg6 15. f4
Qc7 16. c3 c5 17. Bd1 b5 18. cxd4 exd4 19. Na3 a6 20. Bb3+ Kh7 21. Qh4+ 1-0

[Event "Nopean shakin JSM 2020"]
[Site "?"]
[Date "2020.08.23"]
[Round "5"]
[White "Nieminen, Kari"]
[Black "Kosmo, Santul"]
[Result "1-0"]
[WhiteElo "2081"]
[BlackElo "2232"]
[PlyCount "45"]
[EventDate "2020.??.??"]
[SourceDate "2021.11.06"]
[SourceVersionDate "2021.11.06"]

1. e4 c5 2. Nc3 d6 3. Nf3 Nf6 4. d4 cxd4 5. Nxd4 g6 6. Be3 Bg7 7. Be2 O-O 8.
Qd2 Nc6 9. O-O-O Bd7 10. h4 Rc8 11. h5 Ne5 12. hxg6 fxg6 13. f3 b5 14. Ndxb5
Qa5 15. Nd4 Nc4 16. Bxc4+ Rxc4 17. Nb3 Qc7 18. e5 dxe5 19. Nd5 Qd6 20. Nxf6+
Bxf6 21. Qe2 Rd4 22. Nxd4 exd4 23. Bxd4 1-0

[Event "Nopean shakin JSM 2020"]
[Site "?"]
[Date "2020.08.23"]
[Round "6"]
[White "Ronka, Erik"]
[Black "Sipila, Vilka"]
[Result "0-1"]
[WhiteElo "2294"]
[BlackElo "2446"]
[PlyCount "62"]
[EventDate "2020.??.??"]
[SourceDate "2021.11.06"]
[SourceVersionDate "2021.11.06"]

1. e4 c6 2. Nf3 d5 3. Nc3 Bg4 4. h3 Bxf3 5. Qxf3 e6 6. d4 Nf6 7. Bd3 Bb4 8. e5
Nfd7 9. Qg4 g6 10. a3 Bf8 11. Ne2 c5 12. c3 c4 13. Bc2 Nc6 14. h4 Qb6 15. h5
Rg8 16. hxg6 hxg6 17. Rh7 O-O-O 18. Qf3 Bg7 19. Qxf7 Ncxe5 20. dxe5 Rdf8 21.
Qe7 Qxf2+ 22. Kd2 Qxg2 23. Rxg7 Rxg7 24. Qxg7 Rf2 25. Bd1 Nc5 26. Kc2 Qe4+ 27.
Kd2 Qf4+ 28. Kc2 Qf5+ 29. Kd2 Nb3+ 30. Bxb3 Qd3+ 31. Ke1 Qxe2# 0-1

[Event "Nopean shakin JSM 2020"]
[Site "?"]
[Date "2020.08.23"]
[Round "6"]
[White "Kokkila, Tero"]
[Black "Niemi, Kalle"]
[Result "1-0"]
[WhiteElo "2327"]
[BlackElo "2292"]
[PlyCount "69"]
[EventDate "2020.??.??"]
[SourceDate "2021.11.06"]
[SourceVersionDate "2021.11.06"]

1. e4 e6 2. d4 d5 3. e5 c5 4. c3 Nc6 5. Nf3 Bd7 6. Be2 Rc8 7. O-O Qb6 8. dxc5
Bxc5 9. b4 Bf8 10. Bf4 Nge7 11. Re1 Nf5 12. Bd3 Be7 13. Nbd2 O-O 14. Nb3 a5 15.
b5 Nb8 16. Bxf5 exf5 17. a4 Rxc3 18. Be3 Qd8 19. Bd4 Rc4 20. Nfd2 Rc8 21. Qf3
Be6 22. Rec1 Rxc1+ 23. Rxc1 Nd7 24. Qe3 Bb4 25. f4 Qb8 26. Nf3 Rc8 27. h3 Rc4
28. Kh2 Qc8 29. Ng5 h6 30. Nf3 Qc7 31. Rg1 Rc2 32. Kh1 Qc4 33. Nc1 Nc5 34. g4
Ne4 35. gxf5 1-0

[Event "Nopean shakin JSM 2020"]
[Site "?"]
[Date "2020.08.23"]
[Round "6"]
[White "Jarvenpaa, Jari"]
[Black "Koskinen, Henri"]
[Result "1/2-1/2"]
[WhiteElo "2278"]
[BlackElo "2256"]
[PlyCount "111"]
[EventDate "2020.??.??"]
[SourceDate "2021.11.06"]
[SourceVersionDate "2021.11.06"]

1. d4 d5 2. c4 dxc4 3. e3 e5 4. Bxc4 Nc6 5. d5 Na5 6. Be2 c6 7. Nc3 cxd5 8.
Qxd5 Qxd5 9. Nxd5 Bd6 10. Nf3 Ne7 11. Nc3 O-O 12. Bd2 Nac6 13. O-O Bf5 14. Rac1
Rfd8 15. Rfd1 f6 16. Nb5 a6 17. Bc4+ Kf8 18. Nxd6 Rxd6 19. Bc3 Rxd1+ 20. Rxd1
Rc8 21. Bb3 Ke8 22. a3 Rc7 23. Nd2 b5 24. f3 a5 25. Nf1 b4 26. Be1 Rd7 27. Rxd7
Bxd7 28. Kf2 Kd8 29. Ng3 Kc7 30. Nh5 Nf5 31. g4 Nd6 32. Nxg7 e4 33. axb4 exf3
34. bxa5 Ne5 35. Bc2 Nxg4+ 36. Kxf3 Ne5+ 37. Kf4 Ng6+ 38. Bxg6 hxg6 39. Bc3 g5+
40. Kf3 Bc6+ 41. Ke2 Bb5+ 42. Ke1 Ne4 43. Nh5 f5 44. Ng3 Nxg3 45. hxg3 Kd6 46.
Bf6 g4 47. Kd2 Kd5 48. Kc3 Ke4 49. Bg5 Kd5 50. Kb4 Kc6 51. Bf4 Be2 52. Kc3 Kd5
53. b3 Bf1 54. Kb4 Kc6 55. Kc3 Kd5 56. b4 1/2-1/2

[Event "Nopean shakin JSM 2020"]
[Site "?"]
[Date "2020.08.23"]
[Round "6"]
[White "Paasikangas, Johanna"]
[Black "Topi-Hulmi, Teemu"]
[Result "1-0"]
[WhiteElo "2162"]
[BlackElo "2276"]
[PlyCount "102"]
[EventDate "2020.??.??"]
[SourceDate "2021.11.06"]
[SourceVersionDate "2021.11.06"]

1. e4 c5 2. Nc3 d6 3. g3 Nc6 4. Bg2 g6 5. d3 Bg7 6. Be3 Nf6 7. h3 O-O 8. Qd2
Re8 9. f4 e5 10. Nge2 Nd4 11. O-O Rb8 12. Rf2 b5 13. fxe5 dxe5 14. Bg5 Qd6 15.
Raf1 Nh5 16. g4 b4 17. gxh5 bxc3 18. bxc3 Nxe2+ 19. Qxe2 Be6 20. h6 Bf8 21. h4
Qd7 22. h5 c4 23. Be3 Rb2 24. hxg6 hxg6 25. d4 exd4 26. cxd4 Rxa2 27. d5 Bxd5
28. exd5 Bc5 29. Rf3 Ra3 30. Bxc5 Rxe2 31. Rxa3 Qg4 32. Bf2 Kh7 33. Rxa7 Kxh6
34. Rxf7 Qg5 35. Rf3 Qd2 36. c3 g5 37. Rg3 Kg6 38. Bd4 Re1 39. Rxe1 Qxe1+ 40.
Kh2 Qe2 41. Rf3 g4 42. Rf6+ Kg5 43. d6 Qe8 44. Rf1 Qe6 45. Bf6+ Kg6 46. Be7
Qe5+ 47. Kg1 g3 48. Rd1 Qe2 49. Rf1 Qe3+ 50. Kh1 Qh6+ 51. Kg1 Qh2# 1-0

[Event "Nopean shakin JSM 2020"]
[Site "?"]
[Date "2020.08.23"]
[Round "6"]
[White "Nazarova, Anastasia"]
[Black "Keinanen, Toivo"]
[Result "0-1"]
[WhiteElo "2192"]
[BlackElo "2512"]
[PlyCount "206"]
[EventDate "2020.??.??"]
[SourceDate "2021.11.06"]
[SourceVersionDate "2021.11.06"]

1. e4 Nc6 2. Nf3 d6 3. Nc3 Nf6 4. d4 g6 5. h3 Bg7 6. Be2 O-O 7. O-O a6 8. Be3
b5 9. a3 Bb7 10. Re1 e6 11. Qd2 Ne7 12. Bd3 Rc8 13. b4 Nd7 14. Ne2 c5 15. c3
cxd4 16. cxd4 Nb6 17. Bh6 Nc4 18. Bxc4 Rxc4 19. Bxg7 Kxg7 20. Ng3 Ng8 21. Rac1
Rxc1 22. Rxc1 Nf6 23. Qf4 Qe7 24. Qg5 Qd8 25. e5 dxe5 26. dxe5 Ng8 27. Qg4 Nh6
28. Nh5+ Kh8 29. Qf4 Bxf3 30. Nf6 Nf5 31. Qxf3 Qd4 32. Rd1 Qc4 33. g4 Ne7 34.
Qe3 Ng8 35. Rd7 Qc6 36. Ra7 Qc2 37. Rxa6 Qd1+ 38. Kh2 Qd8 39. Nxg8 Kxg8 40. Rd6
Qa8 41. Qd3 Rc8 42. Kg3 Kg7 43. f3 Qa7 44. Kg2 Rc1 45. Rd4 Qc7 46. Rd7 Qb6 47.
Qd4 Qc6 48. Qd3 Rc2+ 49. Kg3 Rc3 50. Rd6 Qc8 51. Qxb5 Rxa3 52. Rd3 Ra1 53. Qc5
Qb8 54. Re3 Rb1 55. Re4 Qb7 56. Qe3 Rxb4 57. Rxb4 Qxb4 58. f4 Qb1 59. Qf2 Qd3+
60. Qf3 Qd4 61. Qf2 Qd8 62. Qe3 h6 63. h4 Qd1 64. Qf3 Qa1 65. g5 Qd4 66. Qf2
Qe4 67. Qf3 Qf5 68. Qg4 Qb1 69. Qf3 Qb2 70. Qf2 Qa1 71. Qf3 Qb1 72. Qf2 Qb5 73.
Qe3 Qb8 74. gxh6+ Kxh6 75. f5+ Kh7 76. fxe6 fxe6 77. Qg5 Qb3+ 78. Kg2 Qc2+ 79.
Kg3 Qd3+ 80. Kg2 Qf5 81. Kg3 Qd3+ 82. Kg2 Qc2+ 83. Kg3 Qb3+ 84. Kg2 Qa2+ 85.
Kg3 Qa3+ 86. Kg2 Qb2+ 87. Kg3 Qc3+ 88. Kg2 Qc2+ 89. Kg3 Qf5 90. Kg2 Kg7 91. Kg3
Kf7 92. Kg2 Qxg5+ 93. hxg5 Ke7 94. Kf3 Kd7 95. Ke4 Kc6 96. Kd4 Kb5 97. Kd3 Kc5
98. Ke4 Kc4 99. Kf3 Kd4 100. Kf4 Kd5 101. Kf3 Kxe5 102. Kg4 Ke4 103. Kg3 Ke5
0-1

[Event "Nopean shakin JSM 2020"]
[Site "?"]
[Date "2020.08.23"]
[Round "6"]
[White "Hentunen, Asko"]
[Black "Laine, Panu"]
[Result "1-0"]
[WhiteElo "2275"]
[BlackElo "2094"]
[PlyCount "53"]
[EventDate "2020.??.??"]
[SourceDate "2021.11.06"]
[SourceVersionDate "2021.11.06"]

1. c4 e6 2. g3 d5 3. Bg2 Nf6 4. Nf3 Nbd7 5. Qc2 Be7 6. d3 O-O 7. O-O b6 8. e4
dxe4 9. dxe4 Bb7 10. Nc3 e5 11. Re1 Re8 12. Rd1 Bc5 13. Bh3 Qe7 14. Bg5 Nf8 15.
Nh4 g6 16. Nd5 Bxd5 17. cxd5 h5 18. Rd3 N8h7 19. Be3 Nxe4 20. Bg2 Bxe3 21. Rxe3
Nd6 22. Rc1 Rac8 23. Bh3 Rcd8 24. a4 Ng5 25. Bg2 Rd7 26. f4 Qf6 27. fxg5 1-0

[Event "Nopean shakin JSM 2020"]
[Site "?"]
[Date "2020.08.23"]
[Round "6"]
[White "Kivimaki, Kasper"]
[Black "Lahdelma, Henri"]
[Result "1-0"]
[WhiteElo "2085"]
[BlackElo "2274"]
[PlyCount "140"]
[EventDate "2020.??.??"]
[SourceDate "2021.11.06"]
[SourceVersionDate "2021.11.06"]

1. e4 e6 2. d4 d5 3. e5 c5 4. c3 Nc6 5. Nf3 Bd7 6. Bd3 c4 7. Bc2 Nge7 8. Ng5 g6
9. Qf3 Nf5 10. Nxf7 Kxf7 11. g4 Qh4 12. gxf5 gxf5 13. Nd2 Be7 14. Qg3 Rag8 15.
Qxh4 Bxh4 16. Nf3 Be7 17. Bf4 Rg4 18. Bd2 b5 19. a3 Rhg8 20. Ke2 Be8 21. Rag1
Rxg1 22. Rxg1 Rxg1 23. Nxg1 Kg7 24. f4 a5 25. Ke1 Bh5 26. Be3 Kf8 27. Bd1 Bxd1
28. Kxd1 Kg7 29. Nf3 Kg6 30. Ke2 Kh5 31. h3 b4 32. axb4 axb4 33. Bd2 b3 34. Bc1
Nb8 35. Kf2 Nd7 36. Kg3 Nb6 37. Kg2 Na4 38. Nd2 Bd8 39. Nb1 Bh4 40. Nd2 Be7 41.
Nb1 Bd8 42. Nd2 Ba5 43. Nb1 h6 44. Kf3 Kh4 45. Kg2 Bd8 46. Nd2 Kh5 47. Kf3 Be7
48. Kg2 Kg6 49. Nb1 Kf7 50. Kg3 Ke8 51. Kf3 Bh4 52. Ke2 Kf7 53. Kf3 Nb6 54. Nd2
Be1 55. Nb1 Nd7 56. Ke2 Bh4 57. Kf3 Nf8 58. Kg2 Be1 59. Kf1 Bh4 60. Nd2 Ke8 61.
Nf3 Be7 62. Nd2 Kd7 63. Ke2 Kc6 64. Nb1 Ng6 65. Kf3 Nf8 66. Nd2 Nd7 67. Nb1 Nb6
68. Kg3 Na4 69. Kf3 Bh4 70. Ke2 Nb6 1-0

[Event "Nopean shakin JSM 2020"]
[Site "?"]
[Date "2020.08.23"]
[Round "6"]
[White "Wartiovaara, Oliver"]
[Black "Nieminen, Kari"]
[Result "1-0"]
[WhiteElo "2239"]
[BlackElo "2081"]
[PlyCount "59"]
[EventDate "2020.??.??"]
[SourceDate "2021.11.06"]
[SourceVersionDate "2021.11.06"]

1. d4 Nf6 2. Bf4 e6 3. Nf3 d5 4. e3 Bd6 5. Nbd2 O-O 6. c3 b6 7. Bd3 Bb7 8. Qe2
Ne4 9. h4 f6 10. h5 c5 11. Bxd6 Qxd6 12. Rh4 Nxd2 13. Qxd2 e5 14. dxe5 fxe5 15.
e4 c4 16. Bxc4 Rd8 17. O-O-O Qf6 18. exd5 Nd7 19. d6+ Kh8 20. Ng5 Rf8 21. g3 h6
22. Ne6 Rfc8 23. Nc7 Rab8 24. Rg4 Nf8 25. Rh4 Rd8 26. f4 Rbc8 27. fxe5 Qxe5 28.
Qf4 Qc5 29. Qf7 Rxd6 30. Qg8# 1-0

[Event "Nopean shakin JSM 2020"]
[Site "?"]
[Date "2020.08.23"]
[Round "7"]
[White "Holopainen, Timo"]
[Black "Ronka, Erik"]
[Result "0-1"]
[WhiteElo "2141"]
[BlackElo "2294"]
[PlyCount "58"]
[EventDate "2020.??.??"]
[SourceDate "2021.11.06"]
[SourceVersionDate "2021.11.06"]

1. e4 c6 2. d3 d5 3. Nd2 e5 4. Ngf3 Bd6 5. Be2 Nf6 6. O-O O-O 7. b3 a5 8. Bb2
Re8 9. a3 dxe4 10. dxe4 b5 11. h3 Qe7 12. a4 Ba6 13. Nh2 Qc7 14. Bd3 Nbd7 15.
axb5 cxb5 16. Ng4 Nxg4 17. Qxg4 Nc5 18. Be2 Rad8 19. Rfd1 Ne6 20. c4 b4 21. Nf3
Bc8 22. Qg3 f6 23. Nh4 Nc5 24. Qf3 Bb7 25. Bd3 Nxb3 26. Rab1 Nc5 27. Nf5 Bf8
28. Qe2 Rxd3 29. Rxd3 Bxe4 0-1